000 00907nam a22002657a 4500
001 BR9504795
003 BR-BrBNA
005 20230928094531.0
007 ta
008 230509b bl.||||| |||| 00| 0 por d
040 _aBR-BrBNA
_bpor
_cBiblioteca Nacional de Agricultura
041 _a(Por)
072 _aU10
090 _ U10 BR9504795
100 1 _aRodrigues Junior, A.L.
110 1 _aEscola Superior de Agricultura Luiz de Queiros, Piracicaba, SP (Brasil)
_0Tese (Mestre em Agronomia)
_94376
245 1 _aProbabilidade dos erros tipo 1 e 2 dos testes para delineameto cross-over 2x2 de respostas binarias: estimacao pelo metodo de Monte Carlo
260 3 _aPiracicaba, SP (Brasil):
_c1994.
300 _a88 p.
500 _a17 tables; Summaries (Eng, Por); 28 ref.
650 _aModelo Matematico
650 _aAnalise Estatistica
909 _a202309
_bLucia
_c55
_dLucia Elande
942 _cBK
999 _c51191
_d51191